Les Whiteoaks de Jalma

Salvato in:
Dettagli Bibliografici
Autore principale: Roche, Mazo de la
Natura: Libro
Lingua:Undetermined
Pubblicazione: Francia Le livre de Poche [s.f.]
Soggetti:
Tags: Aggiungi Tag
Nessun Tag, puoi essere il primo ad aggiungerne!!

MARC

LEADER 00000nam a2200000Ia 4500
008 170316s9999 xx 000 0 und d
040 |a cru BVZT 
090 |a 818 R-7v 
100 |a Roche, Mazo de la 
245 |a Les Whiteoaks de Jalma 
260 |a Francia 
260 |b Le livre de Poche 
260 |c [s.f.] 
300 |a 439 páginas 
650 |a LITERATURA CANADIENSE 
999 |c 6637  |d 6637 
942 |c 15 D  |h 818 R-7v  |2 z